00321nam a2200121Ia 4500008004100000041000800041082001600049100002000065245004500085260002700130300003000157365001200187240624s9999 xx 000 0 und d aeng a378.101 ALT aALTMANN ANDREAS aUNIVERSITIES IN CHANGE MANAGING HIGHER E c2013aLondonbSpringer axv, : 369 : p. : cm. ; 24 cERUb28